书目信息 |
| 题名: |
十天搞定考研词汇
|
|
| 作者: | 王江涛 , 刘文涛 编著 | |
| 分册: | ||
| 出版信息: | 杭州 浙江教育出版社 2019.01 |
|
| 页数: | 287页 | |
| 开本: | 20cm | |
| 丛书名: | ||
| 单 册: | ||
| 中图分类: | H313 | |
| 科图分类: | ||
| 主题词: | 英语 | |
| 电子资源: | ||
| ISBN: | 978-7-5536-7107-9 | |
| 000 | 00666nam0 2200217 450 | |
| 001 | 1939390137 | |
| 005 | 20190620105808.83 | |
| 010 | @a978-7-5536-7107-9@dCNY38.00 | |
| 100 | @a20190620d2019 km y0chiy0120 ea | |
| 101 | 0 | @achi |
| 102 | @aCN@b330000 | |
| 200 | 1 | @a十天搞定考研词汇@Ashi tian gao ding kao yan ci hui@e便携版@f王江涛, 刘文涛编著@Fwang jiang tao,liu wen tao bian zhu |
| 210 | @a杭州@c浙江教育出版社@d2019.01 | |
| 215 | @a287页@d20cm | |
| 517 | 1 | @a便携版@Abian xie ban |
| 606 | 0 | @a英语 |
| 690 | @aH313@v4 | |
| 701 | 0 | @a王江涛@Awang jiang tao@4编著 |
| 701 | 0 | @a刘文涛@Aliu wen tao@4编著 |
| 801 | 0 | @aCN@bMUSE@c20190620 |
| 905 | @aMUSE@dH313@eW226 | |
| 十天搞定考研词汇:便携版/王江涛, 刘文涛编著.-杭州:浙江教育出版社,2019.01 |
| 287页;20cm |
| ISBN 978-7-5536-7107-9:CNY38.00 |
| ● |
| 相关链接 |
|
|
|
正题名:十天搞定考研词汇
索取号:H313/W226
 
预约/预借
| 序号 | 登录号 | 条形码 | 馆藏地/架位号 | 状态 | 备注 |
| 1 | 1239697 | 212396977 | 语言库209/209语言库 103排9列4层/ [索取号:H313/W226] | 在馆 | |
| 2 | 911766 | 209117668 | 语言库209/209语言库 103排9列4层/ | 在馆 |